000 00912nam a2200337Ia 4500
005 20260514124413.0
008 008 261405s9999 xx 000 0 eng d
037 _aThesis
040 _aCRL
040 _beng
040 _cCRL
041 _2eng
041 _aeng
084 _qCRL
100 _aGulia Dr.Abhity
_91239858
245 0 _aComparative Study of Epidural Block with Combined Femoral and Sciatic Nerve Blocki in Adults for Lower LIMB Surgery Using Bupivacaine with Fentanyl.
260 _aDelhi
260 _bUniversity of Delhi
260 _c2016
300 _a81p.
502 _bPh.D.
502 _cUniversity of Delhi
502 _d2016
541 _oThesis
650 _aAnaesthesiology
_91239845
700 _aDr.Maitree Pandey
_91239859
700 _aDr.Pramod Kohli
_91239860
710 _aAnaesthesiology
_91239847
942 _cTH
999 _c1851823
_d1851823